<?xml version="1.0" encoding="UTF-8"?>
<record
    xmlns:xsi="http://www.w3.org/2001/XMLSchema-instance"
    xsi:schemaLocation="http://www.loc.gov/MARC21/slim http://www.loc.gov/standards/marcxml/schema/MARC21slim.xsd"
    xmlns="http://www.loc.gov/MARC21/slim">

  <leader>01286nam a22002417a 4500</leader>
  <controlfield tag="003">OSt</controlfield>
  <controlfield tag="005">20191029062657.0</controlfield>
  <controlfield tag="008">180226b        xxu||||| |||| 00| 0 spa d</controlfield>
  <datafield tag="040" ind1=" " ind2=" ">
    <subfield code="c">PJ</subfield>
  </datafield>
  <datafield tag="100" ind1=" " ind2=" ">
    <subfield code="a">Marienhoff, Miguel S.</subfield>
    <subfield code="9">45</subfield>
  </datafield>
  <datafield tag="245" ind1="1" ind2="0">
    <subfield code="a">Tratado de derecho administrativo /</subfield>
    <subfield code="c">Miguel S. Marienhoff; pr&#xF3;logo del Dr. Benajam&#xED;n Villegas Basavilbaso.</subfield>
  </datafield>
  <datafield tag="260" ind1=" " ind2=" ">
    <subfield code="a">Buenos Aires :</subfield>
  </datafield>
  <datafield tag="300" ind1=" " ind2=" ">
    <subfield code="a">6 v.</subfield>
    <subfield code="c">23 cm</subfield>
  </datafield>
  <datafield tag="505" ind1=" " ind2=" ">
    <subfield code="a">Contenido:
v. 1: Tomo I. Teor&#xED;a general.
v. 2: Tomo II. Servicios p&#xFA;blicos: Actos de la administraci&#xF3;n p&#xFA;blica.
v. 3: Tomo III-A. Contratos administrativos: De los contratos en particular.
v. 4: Tomo III-B. Contratos administrativos: De los contratos en particular.
v. 5: Tomo IV. Limitaciones a la propiedad privada en inter&#xE9;s p&#xFA;blico. Polic&#xED;a. Poder de Polic&#xED;a. Responsabilidad del Estado.
v. 6: Tomo V. Dominio p&#xFA;blico.
v. 7: Tomo VI. R&#xE9;gimen y Legislaci&#xF3;n de las Aguas p&#xFA;blicas y privadas.</subfield>
  </datafield>
  <datafield tag="650" ind1=" " ind2=" ">
    <subfield code="a">DERECHO ADMINISTRATIVO</subfield>
    <subfield code="9">211</subfield>
  </datafield>
  <datafield tag="650" ind1=" " ind2="0">
    <subfield code="a">CONTRATOS ADMINISTRATIVOS</subfield>
    <subfield code="9">1170</subfield>
  </datafield>
  <datafield tag="650" ind1=" " ind2="0">
    <subfield code="a">ACTO ADMINISTRATIVO</subfield>
    <subfield code="9">1171</subfield>
  </datafield>
  <datafield tag="650" ind1=" " ind2="0">
    <subfield code="a">EMPLEO PUBLICO</subfield>
    <subfield code="9">938</subfield>
  </datafield>
  <datafield tag="650" ind1=" " ind2="0">
    <subfield code="a">SERVICIO PUBLICO</subfield>
    <subfield code="9">932</subfield>
  </datafield>
  <datafield tag="650" ind1=" " ind2="0">
    <subfield code="a">CONTRATO DE OBRA PUBLICA</subfield>
    <subfield code="9">1592</subfield>
  </datafield>
  <datafield tag="700" ind1=" " ind2=" ">
    <subfield code="9">183</subfield>
    <subfield code="a">Villegas Basavilbaso, Benjam&#xED;n</subfield>
    <subfield code="e">prologuista</subfield>
  </datafield>
  <datafield tag="942" ind1=" " ind2=" ">
    <subfield code="2">udc</subfield>
    <subfield code="c">LIB</subfield>
    <subfield code="h">342.9</subfield>
    <subfield code="i">MAR</subfield>
  </datafield>
  <datafield tag="999" ind1=" " ind2=" ">
    <subfield code="c">1353</subfield>
    <subfield code="d">1353</subfield>
  </datafield>
  <datafield tag="952" ind1=" " ind2=" ">
    <subfield code="0">0</subfield>
    <subfield code="1">0</subfield>
    <subfield code="2">udc</subfield>
    <subfield code="4">0</subfield>
    <subfield code="7">0</subfield>
    <subfield code="a">DJS</subfield>
    <subfield code="b">DJS</subfield>
    <subfield code="d">2018-09-04</subfield>
    <subfield code="h">V. 6</subfield>
    <subfield code="l">2</subfield>
    <subfield code="m">6</subfield>
    <subfield code="o">342.9 MAR</subfield>
    <subfield code="p">1540</subfield>
    <subfield code="r">2023-06-15</subfield>
    <subfield code="s">2023-06-14</subfield>
    <subfield code="w">2018-09-04</subfield>
    <subfield code="y">LIB</subfield>
  </datafield>
  <datafield tag="952" ind1=" " ind2=" ">
    <subfield code="0">0</subfield>
    <subfield code="1">0</subfield>
    <subfield code="2">udc</subfield>
    <subfield code="4">0</subfield>
    <subfield code="7">0</subfield>
    <subfield code="a">DJS</subfield>
    <subfield code="b">DJS</subfield>
    <subfield code="d">2018-09-04</subfield>
    <subfield code="h">V. 7</subfield>
    <subfield code="l">1</subfield>
    <subfield code="o">342.9 MAR</subfield>
    <subfield code="p">5546</subfield>
    <subfield code="r">2023-06-15</subfield>
    <subfield code="s">2023-06-14</subfield>
    <subfield code="w">2018-09-04</subfield>
    <subfield code="y">LIB</subfield>
  </datafield>
  <datafield tag="952" ind1=" " ind2=" ">
    <subfield code="0">0</subfield>
    <subfield code="1">0</subfield>
    <subfield code="2">udc</subfield>
    <subfield code="4">0</subfield>
    <subfield code="7">0</subfield>
    <subfield code="a">DJS</subfield>
    <subfield code="b">DJS</subfield>
    <subfield code="d">2018-09-04</subfield>
    <subfield code="h">V. 1</subfield>
    <subfield code="l">3</subfield>
    <subfield code="o">342.9 MAR</subfield>
    <subfield code="p">5541</subfield>
    <subfield code="q">2024-03-22</subfield>
    <subfield code="r">2024-03-15</subfield>
    <subfield code="s">2024-03-15</subfield>
    <subfield code="w">2018-09-04</subfield>
    <subfield code="y">LIB</subfield>
  </datafield>
  <datafield tag="952" ind1=" " ind2=" ">
    <subfield code="0">0</subfield>
    <subfield code="1">0</subfield>
    <subfield code="2">udc</subfield>
    <subfield code="4">0</subfield>
    <subfield code="7">0</subfield>
    <subfield code="a">DJS</subfield>
    <subfield code="b">DJS</subfield>
    <subfield code="d">2018-09-04</subfield>
    <subfield code="h">V. 2</subfield>
    <subfield code="l">1</subfield>
    <subfield code="o">342.9 MAR</subfield>
    <subfield code="p">1537</subfield>
    <subfield code="r">2024-03-12</subfield>
    <subfield code="s">2022-03-17</subfield>
    <subfield code="w">2018-09-04</subfield>
    <subfield code="y">LIB</subfield>
  </datafield>
  <datafield tag="952" ind1=" " ind2=" ">
    <subfield code="0">0</subfield>
    <subfield code="1">0</subfield>
    <subfield code="2">udc</subfield>
    <subfield code="4">0</subfield>
    <subfield code="7">0</subfield>
    <subfield code="a">DJS</subfield>
    <subfield code="b">DJS</subfield>
    <subfield code="d">2018-09-04</subfield>
    <subfield code="h">V. 3</subfield>
    <subfield code="l">3</subfield>
    <subfield code="m">7</subfield>
    <subfield code="o">342.9 MAR</subfield>
    <subfield code="p">5543</subfield>
    <subfield code="r">2023-07-05</subfield>
    <subfield code="s">2023-06-14</subfield>
    <subfield code="w">2018-09-04</subfield>
    <subfield code="y">LIB</subfield>
  </datafield>
  <datafield tag="952" ind1=" " ind2=" ">
    <subfield code="0">0</subfield>
    <subfield code="1">0</subfield>
    <subfield code="2">udc</subfield>
    <subfield code="4">0</subfield>
    <subfield code="7">0</subfield>
    <subfield code="a">DJS</subfield>
    <subfield code="b">DJS</subfield>
    <subfield code="d">2018-09-04</subfield>
    <subfield code="h">V. 4 </subfield>
    <subfield code="l">2</subfield>
    <subfield code="m">4</subfield>
    <subfield code="o">342.9 MAR</subfield>
    <subfield code="p">5540</subfield>
    <subfield code="q">2026-02-27</subfield>
    <subfield code="r">2026-02-20</subfield>
    <subfield code="s">2026-02-20</subfield>
    <subfield code="w">2018-09-04</subfield>
    <subfield code="y">LIB</subfield>
  </datafield>
  <datafield tag="952" ind1=" " ind2=" ">
    <subfield code="0">0</subfield>
    <subfield code="1">0</subfield>
    <subfield code="2">udc</subfield>
    <subfield code="4">0</subfield>
    <subfield code="7">0</subfield>
    <subfield code="a">DJS</subfield>
    <subfield code="b">DJS</subfield>
    <subfield code="d">2018-09-04</subfield>
    <subfield code="h">V. 5</subfield>
    <subfield code="o">342.9 MAR</subfield>
    <subfield code="p">1539</subfield>
    <subfield code="r">2018-11-13</subfield>
    <subfield code="w">2018-09-04</subfield>
    <subfield code="y">LIB</subfield>
  </datafield>
  <datafield tag="952" ind1=" " ind2=" ">
    <subfield code="0">0</subfield>
    <subfield code="1">0</subfield>
    <subfield code="2">udc</subfield>
    <subfield code="4">0</subfield>
    <subfield code="7">0</subfield>
    <subfield code="a">DJS</subfield>
    <subfield code="b">DJS</subfield>
    <subfield code="d">2018-09-04</subfield>
    <subfield code="h">V. 5</subfield>
    <subfield code="l">1</subfield>
    <subfield code="o">342.9 MAR</subfield>
    <subfield code="p">5544</subfield>
    <subfield code="r">2023-07-05</subfield>
    <subfield code="s">2023-06-14</subfield>
    <subfield code="t">ej. 2</subfield>
    <subfield code="w">2018-09-04</subfield>
    <subfield code="y">LIB</subfield>
  </datafield>
</record>
